Գիշերային թիթեռնիկ : (Record no. 454878)
[ view plain ]
| 000 -LEADER | |
|---|---|
| fixed length control field | 00809nam a2200205 a 4500 |
| 003 - CONTROL NUMBER IDENTIFIER | |
| control field | AM-YEHGA |
| 040 ## - CATALOGING SOURCE | |
| Original cataloging agency | AM-YeHGA |
| 090 ## - LOCALLY ASSIGNED LC-TYPE CALL NUMBER (OCLC); LOCAL CALL NUMBER (RLIN) | |
| -- | 457875 |
| 001 - CONTROL NUMBER | |
| control field | 000277793 |
| 005 - DATE AND TIME OF LATEST TRANSACTION | |
| control field | 20250618075335.0 |
| 008 - FIXED-LENGTH DATA ELEMENTS--GENERAL INFORMATION | |
| fixed length control field | 031029s1923 ai 000 | arm d |
| 041 0# - LANGUAGE CODE | |
| Language code of text/sound track or separate title | arm |
| 100 1# - MAIN ENTRY--PERSONAL NAME | |
| Personal name | Հայկունի, Գուրգեն Սարգսի, |
| Dates associated with a name | 1889-1966 |
| 9 (RLIN) | 1407 |
| 245 10 - TITLE STATEMENT | |
| Title | Գիշերային թիթեռնիկ : |
| Remainder of title | [Բանաստեղծություններ] / |
| Statement of responsibility, etc. | Գ. Հայկունի; Մօսկվայի հայ գրական գեղ. խմբակց. |
| 260 ## - PUBLICATION, DISTRIBUTION, ETC. | |
| Place of publication, distribution, etc. | Մօսկվա : |
| Name of publisher, distributor, etc. | Մուրճ եւ մանգաղ, |
| Date of publication, distribution, etc. | 1923. |
| 300 ## - PHYSICAL DESCRIPTION | |
| Extent | 8 էջ ; |
| Dimensions | 16 սմ. |
| 650 14 - SUBJECT ADDED ENTRY--TOPICAL TERM | |
| Topical term or geographic name entry element | Հայ գրականություն |
| General subdivision | Պոեզիա |
| 710 2# - ADDED ENTRY--CORPORATE NAME | |
| Corporate name or jurisdiction name as entry element | Մօսկվայի հայ գրական գեղարվեստական խմբակցություն |
| 942 ## - ADDED ENTRY ELEMENTS (KOHA) | |
| Source of classification or shelving scheme | Universal Decimal Classification |
| Koha item type | Գրքեր / Books |
| Withdrawn status | Lost status | Damaged status | Not for loan | Collection | Home library | Current library | Date acquired | Total checkouts | Full call number | Barcode | Date last seen | Price effective from | Koha item type | Public note |
|---|---|---|---|---|---|---|---|---|---|---|---|---|---|---|
| Kusikian Individual Collection | Fundamental Scientific Library | Fundamental Scientific Library | 17/12/2020 | Կուս/1582 | FL0629649 | 17/12/2020 | 17/12/2020 | Գրքեր / Books | ILL Non-Circ |
ՀՀ Գիտությունների ազգային ակադեմիայի հիմնարար գիտական գրադարան = Fundamental Scientific Library of NAS RA
All site content, except where otherwise noted, is licensed under a